| 000 | 00650nam a22001937a 4500 | ||
|---|---|---|---|
| 999 |
_c189113 _d189113 |
||
| 005 | 20220620121631.0 | ||
| 010 | _aENG-133269 | ||
| 020 |
_a9788195172832 _c350.00 |
||
| 035 | _aEN-116801 | ||
| 037 | _bDBAD/PUB | ||
| 082 | _a796.0954 | ||
| 245 |
_aSport Sociology: A Social Phenomena/ _cEdited by krishna Patel and Manoj Kumar Prajapati |
||
| 260 |
_aKanpur _bSocial Research Foundation _c2021 |
||
| 270 |
_a128/170, H-Block, Kidwai Nagar _bKanpur _e11 _msocialresearchfoundation@gmail.com |
||
| 300 |
_avi, 107p. _c22cm(hbk) |
||
| 700 | _aPatel, Krishna | ||
| 700 | _aPrajapati, Manoj Kumar | ||
| 942 |
_2ddc _cEN _h796.0954 _mSPO |
||